[Event "Cam. España por Eq.Div. de Honor R.4(Val"]
[Site "Ajedrez21.com"]
[Date "2004.11.21"]
[Round "4"]
[White "Corral, Juan Antonio"]
[Black "Lopez, Josep"]
[Result "1-0"]
[WhiteElo "2446"]
[BlackElo "2481"]
[PlyCount "81"]
[EventDate "2004.??.??"]

1. d4 Nf6 2. Nf3 e6 3. c4 d5 4. Nc3 c5 5. cxd5 Nxd5 6. e3 cxd4 7. exd4 Bb4 8.
Bd2 Nc6 9. Bd3 O-O 10. O-O Be7 11. a3 Bf6 12. Qc2 g6 13. Bh6 Re8 14. Rad1 Nxc3
15. bxc3 Qa5 16. Rfe1 Bd7 17. Qc1 Qc7 18. Ng5 Bg7 19. Bxg7 Kxg7 20. Re4 h6 21.
Nxf7 Kxf7 22. Qxh6 Ne7 23. Qh7+ Kf6 24. g4 g5 25. f4 Rg8 26. Rf1 Nf5 27. h4 Rg7
28. hxg5+ Kf7 29. Qh5+ Kg8 30. gxf5 Qxc3 31. Qe2 exf5 32. Re5 Qxd4+ 33. Kg2
Bc6+ 34. Kg3 Rd7 35. Bxf5 Rd6 36. Qh5 Qc3+ 37. Kg4 Qd2 38. Qh7+ Kf8 39. Qe7+
Kg8 40. Qh7+ Kf8 41. Qh8+ 1-0

[Event "Cam. España por Eq.Div. de Honor R.4(Val"]
[Site "Ajedrez21.com"]
[Date "2004.11.21"]
[Round "4"]
[White "Rahal, Michael"]
[Black "Garcia Padrón, Jose"]
[Result "1/2-1/2"]
[WhiteElo "2416"]
[BlackElo "2429"]
[PlyCount "28"]
[EventDate "2004.??.??"]

1. e4 c6 2. d4 d5 3. Nc3 dxe4 4. Nxe4 Nd7 5. Ng5 Ngf6 6. Bd3 e6 7. N1f3 Bd6 8.
Qe2 h6 9. Ne4 Nxe4 10. Qxe4 Nf6 11. Qe2 Qc7 12. Bd2 b6 13. O-O-O Bb7 14. Ne5
O-O-O 1/2-1/2

[Event "Cam. España por Eq.Div. de Honor R.4(Val"]
[Site "Ajedrez21.com"]
[Date "2004.11.21"]
[Round "4"]
[White "Illescas, Miguel"]
[Black "Carlssen, Magnus"]
[Result "1/2-1/2"]
[WhiteElo "2626"]
[BlackElo "2581"]
[PlyCount "92"]
[EventDate "2004.??.??"]

1. Nf3 Nf6 2. c4 g6 3. Nc3 Bg7 4. e4 O-O 5. d4 c6 6. Be2 d5 7. e5 Ne4 8. O-O
Nxc3 9. bxc3 dxc4 10. Bxc4 c5 11. Be3 Nc6 12. Ng5 Na5 13. Bd3 cxd4 14. cxd4 h6
15. Ne4 f5 16. exf6 exf6 17. Nd2 f5 18. Nf3 Be6 19. Re1 Bd5 20. Bf4 Nc6 21. Ne5
g5 22. Nxc6 Bxc6 23. Bc4+ Bd5 24. Qb3 Bxc4 25. Qxc4+ Rf7 26. Be5 Rc8 27. Qa4 a6
28. Qb3 Qa5 29. h4 Qc3 30. Qe6 Qc6 31. Qb3 Qc3 32. Qe6 Qc6 33. Bxg7 Qxe6 34.
Rxe6 Kxg7 35. hxg5 hxg5 36. d5 Rd8 37. Rd1 Rfd7 38. Rb6 Rxd5 39. Rxb7+ Kf8 40.
Re1 Rd1 41. Kf1 Rxe1+ 42. Kxe1 Rd4 43. Rb6 Ra4 44. Rf6+ Kg7 45. Rxf5 Kg6 46.
Rc5 Rxa2 1/2-1/2

[Event "Cam. España por Eq.Div. de Honor R.4(Val"]
[Site "Ajedrez21.com"]
[Date "2004.11.21"]
[Round "4"]
[White "Perez Candelario, Manuel"]
[Black "Damljanovic, Branko"]
[Result "1-0"]
[WhiteElo "2474"]
[BlackElo "2578"]
[PlyCount "151"]
[EventDate "2004.??.??"]

1. e4 c5 2. Nf3 Nc6 3. d4 cxd4 4. Nxd4 e6 5. Nc3 Qc7 6. Be3 a6 7. Qd2 Nf6 8.
O-O-O Bb4 9. f3 Ne5 10. Nb3 b5 11. Qe1 Be7 12. f4 Nc4 13. e5 Ng4 14. Bd4 f5 15.
h3 Nh6 16. Qf2 Rb8 17. Ba7 Rb7 18. Bc5 Bxc5 19. Nxc5 Rb6 20. Bxc4 bxc4 21. N3a4
Rc6 22. Qd4 Nf7 23. Qxc4 O-O 24. Rd2 d6 25. exd6 Nxd6 26. Qd4 Ne4 27. Nxe4 fxe4
28. Nc3 Rc4 29. Qe3 Qxf4 30. Re1 Qxe3 31. Rxe3 Rf1+ 32. Nd1 Bb7 33. b3 Rc5 34.
Rd8+ Rf8 35. Rxf8+ Kxf8 36. Kd2 Ke7 37. Nf2 Re5 38. g4 h5 39. Rc3 Kd6 40. Ke3
hxg4 41. hxg4 Ra5 42. a4 Rg5 43. Rc4 Rg6 44. Nxe4+ Bxe4 45. Rxe4 Rh6 46. b4 e5
47. Rc4 Rh3+ 48. Ke4 Rg3 49. Kf5 Rf3+ 50. Kg5 Rf8 51. b5 Kd5 52. Rc7 axb5 53.
axb5 e4 54. b6 Rb8 55. c4+ Kd4 56. b7 e3 57. Re7 Kxc4 58. Rxe3 Rxb7 59. Kg6 Kd4
60. Re1 Kd5 61. g5 Kd6 62. Kh7 Ra7 63. g6 Rb7 64. Kg8 Ra7 65. Kf8 Rb7 66. Rf1
Ke6 67. Rf7 Rb1 68. Kxg7 Rg1 69. Rf2 Ke7 70. Re2+ Kd8 71. Kf7 Rf1+ 72. Kg8 Rg1
73. g7 Rf1 74. Re5 Kd7 75. Kh7 Rg1 76. g8=Q 1-0

[Event "Cam. España por Eq.Div. de Honor R.4(Val"]
[Site "Ajedrez21.com"]
[Date "2004.11.21"]
[Round "4"]
[White "Glavina, Pablo"]
[Black "Khamrakulov, Ibragim"]
[Result "0-1"]
[WhiteElo "2458"]
[BlackElo "2500"]
[PlyCount "102"]
[EventDate "2004.??.??"]

1. e4 c5 2. Nf3 e6 3. d4 cxd4 4. Nxd4 a6 5. c4 Nf6 6. Nc3 Bb4 7. Bd2 Qb6 8. Nb3
Nc6 9. Bd3 Ne5 10. Qe2 Qd6 11. Nc1 Qd4 12. O-O Nxd3 13. Nxd3 Bxc3 14. Bxc3 Qxe4
15. Qxe4 Nxe4 16. Bxg7 Rg8 17. Bh6 b5 18. c5 Bb7 19. f3 Ng5 20. Kf2 Rg6 21.
Bxg5 Rxg5 22. a4 bxa4 23. Rxa4 Bc6 24. Rd4 Rb8 25. b4 Rd5 26. Ke3 Rxd4 27. Kxd4
Bb5 28. Rb1 Ke7 29. Ne5 Rg8 30. Rb2 Rg5 31. Nc4 Rh5 32. g3 Rd5+ 33. Kc3 Rd1 34.
Nd2 Re1 35. Ra2 Re3+ 36. Kc2 Re2 37. h4 Rg2 38. g4 f5 39. gxf5 exf5 40. Ra3 Rh2
41. f4 Rxh4 42. Rf3 Bc6 43. Rf2 h5 44. Nc4 Be4+ 45. Kd2 Rh3 46. Ne3 h4 47. Rf1
Rh2+ 48. Kc3 h3 49. Kd4 Ke6 50. Ra1 Rd2+ 51. Kc4 h2 0-1

[Event "Cam. España por Eq.Div. de Honor R.4(Val"]
[Site "Ajedrez21.com"]
[Date "2004.11.21"]
[Round "4"]
[White "Carrasco, Juan"]
[Black "Baron, Jesus"]
[Result "1-0"]
[WhiteElo "2408"]
[BlackElo "2432"]
[PlyCount "81"]
[EventDate "2004.??.??"]

1. d4 d5 2. Nf3 Bf5 3. Bf4 e6 4. e3 Bd6 5. Bxd6 cxd6 6. Be2 h6 7. O-O Nf6 8.
Nbd2 O-O 9. c4 dxc4 10. Nxc4 d5 11. Nce5 Nbd7 12. Qa4 Nxe5 13. Nxe5 Qb6 14. Qa3
Rfc8 15. Rac1 Ne4 16. f3 Nd2 17. Rfd1 f6 18. Nd7 Qd8 19. Nc5 Nb1 20. Rxb1 Bxb1
21. Rxb1 Qe7 22. Qd3 Rc7 23. Qg6 Qf7 24. Qg3 Rac8 25. Bd3 b6 26. Nb3 a5 27. a4
Qe7 28. Nd2 e5 29. Nf1 Rc1 30. Qg4 Kf8 31. Kf2 Qb4 32. Kg3 h5 33. Qe6 exd4 34.
Rxc1 Rxc1 35. Qxd5 dxe3 36. Bg6 Qe1+ 37. Kh3 Ke7 38. Qb7+ Kd6 39. Qxb6+ Rc6 40.
Qd4+ Kc7 41. Nxe3 1-0

[Event "Cam. España por Eq.Div. de Honor R.4(Val"]
[Site "Ajedrez21.com"]
[Date "2004.11.21"]
[Round "4"]
[White "Korneev, Oleg"]
[Black "Graf, Alexander"]
[Result "0-1"]
[WhiteElo "2583"]
[BlackElo "2646"]
[PlyCount "116"]
[EventDate "2004.??.??"]

1. e4 c6 2. d4 d5 3. exd5 cxd5 4. c4 Nf6 5. Nc3 g6 6. cxd5 Nxd5 7. Qb3 Nb6 8.
Nf3 Be6 9. Bb5+ Nc6 10. Qb4 Bg7 11. Bg5 h6 12. Bh4 Nd5 13. Bxc6+ bxc6 14. Qc5
O-O 15. O-O Qb6 16. Nxd5 Bxd5 17. Bxe7 Rfe8 18. Qa3 Rab8 19. Rab1 Qb5 20. Rfe1
Bxf3 21. Qxf3 Bxd4 22. b3 c5 23. Bd6 Rb6 24. Bg3 Rbe6 25. Rxe6 Rxe6 26. h3 Kg7
27. Rd1 Qe2 28. b4 Qxf3 29. gxf3 Re2 30. a3 Kf6 31. bxc5 Bxc5 32. Rd5 Bb6 33.
Rd3 Ra2 34. Kg2 Ke6 35. Rd6+ Ke7 36. Rd3 f5 37. h4 g5 38. hxg5 hxg5 39. f4 gxf4
40. Bxf4 Rxf2+ 41. Kg3 Re2 42. Kf3 Rc2 43. Be3 Bxe3 44. Kxe3 Ke6 45. a4 Rc4 46.
Ra3 a5 47. Kf3 Kd5 48. Kf2 f4 49. Ra1 Kc5 50. Ke2 Rd4 51. Kf2 Kb4 52. Kf3 Kb3
53. Kg4 Rxa4 54. Rb1+ Kc3 55. Rb5 Ra1 56. Rf5 Rg1+ 57. Kh3 a4 58. Kh2 Rd1 0-1

[Event "Cam. España por Eq.Div. de Honor R.4(Val"]
[Site "Ajedrez21.com"]
[Date "2004.11.21"]
[Round "4"]
[White "Giorgadze, Giorgi"]
[Black "San Segundo, Pablo"]
[Result "1-0"]
[WhiteElo "2612"]
[BlackElo "2516"]
[PlyCount "101"]
[EventDate "2004.??.??"]

1. d4 d5 2. c4 c6 3. e3 Nf6 4. Nf3 Bf5 5. Nc3 e6 6. Bd3 Bxd3 7. Qxd3 Nbd7 8.
O-O Bb4 9. b3 O-O 10. Bb2 Re8 11. Rfd1 Qe7 12. a3 Bd6 13. e4 dxe4 14. Nxe4 Nxe4
15. Qxe4 Rad8 16. g3 Qf6 17. Kg2 Qg6 18. Qe2 Qh5 19. Rd3 f6 20. Re1 Nf8 21. Qe4
Re7 22. Bc3 Red7 23. a4 Qg6 24. Qxg6 hxg6 25. h4 Kf7 26. b4 a6 27. Rde3 Bc7 28.
Rb1 b5 29. c5 Ra8 30. Ra1 Rdd8 31. Be1 Nd7 32. Rea3 Rac8 33. axb5 axb5 34. Ra6
e5 35. Bc3 e4 36. Nd2 Re8 37. Nf1 f5 38. Rxc6 Nb8 39. Rxc7+ Rxc7 40. d5 Nd7 41.
Ne3 Rec8 42. Ra6 Nxc5 43. bxc5 Rxc5 44. Bd4 Rc1 45. Rb6 Re1 46. Rb7+ Kg8 47.
Bb2 Rb1 48. Rxg7+ Kf8 49. Rh7 Ke8 50. d6 Rc6 51. Be5 1-0

[Event "Cam. España por Eq.Div. de Honor R.4(Val"]
[Site "Ajedrez21.com"]
[Date "2004.11.21"]
[Round "3"]
[White "Lariño, David"]
[Black "Fernandez, Jose Luis"]
[Result "1/2-1/2"]
[WhiteElo "2307"]
[BlackElo "2479"]
[PlyCount "58"]
[EventDate "2004.??.??"]

1. e4 Nf6 2. Nc3 e5 3. Nf3 Nc6 4. g3 Bc5 5. Bg2 O-O 6. Nxe5 Nxe5 7. d4 Bd6 8.
dxe5 Bxe5 9. Nd5 c6 10. Nxf6+ Qxf6 11. c3 d5 12. exd5 cxd5 13. Be3 Rd8 14. O-O
d4 15. cxd4 Bxd4 16. Bxd4 Rxd4 17. Qb3 Rb8 18. Rfd1 Be6 19. Qa3 Rbd8 20. Rxd4
Qxd4 21. Re1 g6 22. b3 b5 23. h4 b4 24. Qa5 Rc8 25. Qe5 Qxe5 26. Rxe5 Rc1+ 27.
Kh2 Ra1 28. Re2 Kf8 29. Bh3 Bd5 1/2-1/2

[Event "Cam.España Por Equipos R.5 Div. Honor(Va"]
[Site "Ajedrez21.com"]
[Date "2004.11.22"]
[Round "5"]
[White "Romero, Alfonso"]
[Black "Giorgadze, Giorgi"]
[Result "0-1"]
[WhiteElo "2514"]
[BlackElo "2612"]
[PlyCount "90"]
[EventDate "2004.??.??"]

1. c4 e6 2. g3 d5 3. Bg2 g6 4. d4 Bg7 5. Nf3 Ne7 6. O-O Nbc6 7. Qc2 Nf5 8. e3
O-O 9. b3 Nb4 10. Qd2 c5 11. cxd5 Nxd5 12. Bb2 Nd6 13. Na3 b6 14. Rfd1 Bb7 15.
dxc5 Ne4 16. Qc2 Bxb2 17. Qxb2 Nxc5 18. b4 Na4 19. Qb3 Nac3 20. Rd3 Qf6 21. Re1
Nxa2 22. e4 Ndxb4 23. Rd7 Bc6 24. e5 Qg7 25. Rd4 Bd5 26. Rxd5 exd5 27. Nd4 Rfe8
28. f4 Qf8 29. Qe3 Qc5 30. Ndb5 Nc2 31. Nxc2 Qxb5 32. Qf2 Nc3 33. Ne3 Qc5 34.
h4 Ne4 35. Qf3 Nd2 36. Qxd5 Rad8 37. Qxc5 bxc5 38. Ra1 Rd3 39. Kf2 Red8 40.
Rxa7 R3d7 41. Ra6 Nb3 42. Bf1 Rd2+ 43. Kf3 Nd4+ 44. Ke4 f5+ 45. exf6 Re8+ 0-1

[Event "Cam.España Por Equipos R.5 Div. Honor(Va"]
[Site "Ajedrez21.com"]
[Date "2004.11.22"]
[Round "5"]
[White "Reinaldo, Roi"]
[Black "Comas, Lluis"]
[Result "1/2-1/2"]
[WhiteElo "2446"]
[BlackElo "2509"]
[PlyCount "154"]
[EventDate "2004.??.??"]

1. e4 d6 2. Nc3 g6 3. d4 Bg7 4. f4 Nc6 5. Be3 Nf6 6. Nf3 O-O 7. Qd2 Bg4 8. d5
Nb8 9. h3 Bxf3 10. gxf3 c6 11. O-O-O cxd5 12. Nxd5 Nxd5 13. Qxd5 Nc6 14. h4 Rc8
15. Rh2 e6 16. Qxd6 Qa5 17. Qa3 Qxa3 18. bxa3 Rfd8 19. Rxd8+ Rxd8 20. h5 gxh5
21. Rxh5 Bd4 22. Bxd4 Nxd4 23. Rh3 Nc6 24. Bd3 Ne7 25. Kd2 Rd4 26. Kc3 Rd6 27.
Rh5 f5 28. Rg5+ Kf7 29. exf5 exf5 30. Bxf5 Rc6+ 31. Kd2 Nxf5 32. Rxf5+ Ke6 33.
Rg5 Kf6 34. Ra5 a6 35. Kd3 Rd6+ 36. Ke4 Rc6 37. Kd3 Rd6+ 38. Ke4 Rc6 39. Rf5+
Kg6 40. Rg5+ Kf6 41. Kd3 Rd6+ 42. Ke4 Rc6 43. Rf5+ Ke6 44. Re5+ Kf6 45. Kd3
Rd6+ 46. Ke3 Rc6 47. Kd2 Rd6+ 48. Kc1 Rd8 49. Kb2 Rh8 50. Rh5 Kg6 51. Rh4 h5
52. Kb3 Re8 53. c3 Rf8 54. c4 Rf5 55. Kb4 b6 56. a4 Kf6 57. Ka3 Rc5 58. Rh2
Rxc4 59. Rxh5 b5 60. axb5 axb5 61. Kb3 Rxf4 62. Rxb5 Ke6 63. Rc5 Rxf3+ 64. Kb4
Kd6 65. Rc1 Rf2 66. a4 Rb2+ 67. Ka5 Kd7 68. Ka6 Rb4 69. a5 Rb2 70. Ka7 Rb5 71.
a6 Rb2 72. Ka8 Rb6 73. Ka7 Rb2 74. Rh1 Kc7 75. Rh7+ Kc8 76. Rb7 Rc2 77. Rb5 Kc7
1/2-1/2

[Event "Cam.España Por Equipos R.5 Div. Honor(Va"]
[Site "Ajedrez21.com"]
[Date "2004.11.22"]
[Round "5"]
[White "Del Río, Salvador"]
[Black "Lariño, David"]
[Result "1-0"]
[WhiteElo "2491"]
[BlackElo "2307"]
[PlyCount "111"]
[EventDate "2004.??.??"]

1. d4 Nf6 2. c4 g6 3. Nc3 Bg7 4. e4 d6 5. Nf3 O-O 6. Be2 Na6 7. O-O e5 8. d5
Nc5 9. Qc2 a5 10. Bg5 h6 11. Be3 b6 12. Nd2 Bd7 13. b3 Nh7 14. a3 f5 15. f3 f4
16. Bf2 Rf7 17. b4 Nb7 18. c5 bxc5 19. bxc5 Nxc5 20. Bb5 Nf8 21. Bxc5 dxc5 22.
Rab1 Bxb5 23. Rxb5 Nd7 24. Nc4 g5 25. Rxa5 Rxa5 26. Nxa5 c4 27. Nxc4 Bf8 28. g4
fxg3 29. hxg3 Bc5+ 30. Kg2 h5 31. Qe2 Rg7 32. Nd1 g4 33. f4 exf4 34. Rxf4 Nf8
35. Nde3 Ng6 36. Rf1 Qg5 37. Nf5 Rh7 38. d6 h4 39. dxc7 Rxc7 40. Qxg4 Qxg4 41.
Nh6+ Kg7 42. Nxg4 hxg3 43. Kxg3 Bxa3 44. Nxa3 Rc3+ 45. Rf3 Rxf3+ 46. Kxf3 Nf8
47. Nb5 Ne6 48. e5 Ng5+ 49. Kf4 Ne6+ 50. Kf5 Nd8 51. Nd4 Kf7 52. Nh6+ Ke7 53.
Ke4 Kd7 54. Kd5 Ke8 55. Nhf5 Kd7 56. Nd6 1-0

[Event "Cam.España Por Equipos R.5 Div. Honor(Va"]
[Site "Ajedrez21.com"]
[Date "2004.11.22"]
[Round "5"]
[White "San Segundo, Pablo"]
[Black "Perez Candelario, Manuel"]
[Result "1/2-1/2"]
[WhiteElo "2516"]
[BlackElo "2474"]
[PlyCount "49"]
[EventDate "2004.??.??"]

1. d4 d5 2. c4 c6 3. Nf3 Nf6 4. e3 Bf5 5. Nc3 e6 6. Nh4 Be4 7. f3 Bg6 8. Bd2
Nbd7 9. Qb3 Qb8 10. cxd5 cxd5 11. O-O-O Bd6 12. Nb5 O-O 13. Nxg6 hxg6 14. Nxd6
Qxd6 15. Kb1 Rfc8 16. Qb4 Qxb4 17. Bxb4 Nb8 18. g4 Nc6 19. Bd6 a6 20. g5 Rd8
21. Bg3 Ne8 22. h4 Nd6 23. Rh2 Nf5 24. Bf4 f6 25. gxf6 1/2-1/2

[Event "Cam.España Por Equipos R.5 Div. Honor(Va"]
[Site "Ajedrez21.com"]
[Date "2004.11.22"]
[Round "5"]
[White "Khamrakulov, Ibragim"]
[Black "Moreno, Javier"]
[Result "1/2-1/2"]
[WhiteElo "2500"]
[BlackElo "2512"]
[PlyCount "47"]
[EventDate "2004.??.??"]

1. e4 e6 2. d4 d5 3. Nd2 Be7 4. Ngf3 Nf6 5. Bd3 c5 6. c3 cxd4 7. cxd4 dxe4 8.
Nxe4 Bd7 9. O-O Nxe4 10. Bxe4 Bc6 11. Qc2 Bxe4 12. Qxe4 Qd5 13. Qxd5 exd5 14.
Bf4 Nc6 15. Rfc1 Nd8 16. Rc3 Ne6 17. Bg3 Rd8 18. Rb3 Rd7 19. Re1 Bf6 20. Bb8 a6
21. Be5 Bxe5 22. Rxe5 O-O 23. Rc3 Rd6 24. b3 1/2-1/2

[Event "Cam.España Por Equipos R.5 Div. Honor(Va"]
[Site "Ajedrez21.com"]
[Date "2004.11.22"]
[Round "5"]
[White "Fernandez, Jose Luis"]
[Black "Carrasco, Juan"]
[Result "1/2-1/2"]
[WhiteElo "2479"]
[BlackElo "2408"]
[PlyCount "61"]
[EventDate "2004.??.??"]

1. e4 c6 2. d4 d5 3. Nd2 dxe4 4. Nxe4 Bf5 5. Ng3 Bg6 6. h4 h6 7. Nf3 Nd7 8. h5
Bh7 9. Bd3 Bxd3 10. Qxd3 Qc7 11. Bd2 e6 12. O-O-O O-O-O 13. Qe2 Bd6 14. Rh4
Ngf6 15. Ne4 Nxe4 16. Rxe4 Nf6 17. Rh4 Kb8 18. Ne5 c5 19. Nc4 Ka8 20. Qf3 Qe7
21. Nxd6 Qxd6 22. dxc5 Qxc5 23. Be3 Qa5 24. Rhd4 Rxd4 25. Bxd4 Qxa2 26. Bxf6
gxf6 27. Qxf6 Qa1+ 28. Kd2 Qa5+ 29. Kc1 Qa1+ 30. Kd2 Qa5+ 31. Kc1 1/2-1/2

[Event "Cam.España Por Equipos R.5 Div. Honor(Va"]
[Site "Ajedrez21.com"]
[Date "2004.11.22"]
[Round "5"]
[White "Bologan, Viktor"]
[Black "Illescas, Miguel"]
[Result "0-1"]
[WhiteElo "2669"]
[BlackElo "2626"]
[PlyCount "136"]
[EventDate "2004.??.??"]

1. d4 Nf6 2. c4 g6 3. Nf3 Bg7 4. g3 O-O 5. Bg2 d6 6. O-O Nbd7 7. Nc3 e5 8. Qc2
exd4 9. Nxd4 Re8 10. b3 Nc5 11. Ba3 c6 12. Rad1 Qe7 13. e4 h5 14. b4 Ncd7 15.
c5 dxc5 16. b5 Qe5 17. f4 Qc7 18. Nxc6 bxc6 19. bxc6 Qxc6 20. e5 Qa6 21. exf6
Nxf6 22. Bxa8 Qxa3 23. Nb5 Qe3+ 24. Qf2 Qxf2+ 25. Rxf2 Bd7 26. Nc7 Rc8 27. Nd5
Nxd5 28. Bxd5 Bd4 29. Rxd4 cxd4 30. Rd2 Rd8 31. Kf2 Bf5 32. Bc4 Kg7 33. Rb2 Rc8
34. Bb3 Rb8 35. Re2 Rd8 36. Re7 Rd7 37. Rxd7 Bxd7 38. a3 Kf6 39. h4 Be6 40. Bc2
Ke7 41. Ke2 Kd6 42. Kd2 Kc5 43. Bd3 Bc4 44. Be4 Bd5 45. Bd3 Be6 46. Be2 Bc4 47.
Bf3 Be6 48. Be2 Bf5 49. Ba6 Kb6 50. Bc4 Ka5 51. Kc1 f6 52. Bb3 Kb5 53. Kd2 Bb1
54. Bf7 Ka4 55. Kc1 Bd3 56. Kb2 Kb5 57. Kc1 Be4 58. Bb3 Kc5 59. Kd2 Bd5 60. Bc2
Bf7 61. Bd3 Kb6 62. Kc1 Ka5 63. Kb2 Ka4 64. Bc2+ Kb5 65. Bd3+ Kc5 66. Kc2 f5
67. Ba6 Bc4 68. Bc8 Kc6 0-1

[Event "Cam.España Por Equipos R.5 Div. Honor(Va"]
[Site "Ajedrez21.com"]
[Date "2004.11.22"]
[Round "5"]
[White "Damljanovic, Branko"]
[Black "Pelletier, Yannick"]
[Result "0-1"]
[WhiteElo "2578"]
[BlackElo "2589"]
[PlyCount "79"]
[EventDate "2004.??.??"]

1. Nf3 Nf6 2. c4 e6 3. g3 d5 4. b3 dxc4 5. bxc4 c5 6. Bg2 Nc6 7. Bb2 Be7 8. O-O
Qc7 9. Nc3 O-O 10. Rc1 a6 11. e3 Rb8 12. d4 Rd8 13. Qe2 Na5 14. Nd2 Bd7 15. d5
b5 16. Nce4 Nxe4 17. Bxe4 exd5 18. cxd5 b4 19. Bd3 Bb5 20. e4 f5 21. exf5 Bxd3
22. Qxd3 Qb7 23. Qe2 Rxd5 24. Qg4 Bf8 25. Ne4 Kh8 26. Ng5 Qd7 27. Ne6 c4 28.
Rcd1 c3 29. Bc1 Nc6 30. Qf3 Rxd1 31. Rxd1 Ne5 32. Qe2 Qb5 33. Qe4 Nd7 34. Bf4
Re8 35. g4 Nc5 36. Qe3 a5 37. Rd5 c2 38. h3 Qc4 39. Rxc5 Bxc5 40. Qxc5 0-1

[Event "Cam.España Por Equipos R.5 Div. Honor(Va"]
[Site "Ajedrez21.com"]
[Date "2004.11.22"]
[Round "5"]
[White "Lopez, Josep"]
[Black "Glavina, Pablo"]
[Result "0-1"]
[WhiteElo "2481"]
[BlackElo "2458"]
[PlyCount "197"]
[EventDate "2004.??.??"]

1. e4 e5 2. Nf3 Nc6 3. Bb5 a6 4. Ba4 Nf6 5. O-O Bc5 6. c3 b5 7. Bb3 d6 8. h3
Bb7 9. d4 Bb6 10. Re1 h6 11. Be3 exd4 12. cxd4 Na5 13. d5 Bxe3 14. Rxe3 O-O 15.
Qd2 c6 16. dxc6 Bxc6 17. Qd4 Re8 18. Nbd2 Bb7 19. Rae1 Nc6 20. Qd3 Ne5 21. Qb1
Qa5 22. Bc2 Nxf3+ 23. Nxf3 d5 24. e5 Ne4 25. Rd1 Rad8 26. Bb3 Qb6 27. Qd3 Qg6
28. Qd4 Qh5 29. Rde1 Rc8 30. Qd1 Rc5 31. Rd3 Ng5 32. Nd4 Qxd1 33. Rdxd1 g6 34.
Nc2 Kg7 35. Nb4 a5 36. Nd3 Rc7 37. Nf4 d4 38. Rxd4 a4 39. Bd1 Rc1 40. Nd3 Ra1
41. a3 Rb1 42. f3 Ne6 43. Rb4 Nc7 44. Bxa4 Rxe1+ 45. Nxe1 Rxe5 46. Nd3 Rd5 47.
Bc2 Ne6 48. Kf2 Nd4 49. Bb1 Bc6 50. Nf4 Rd6 51. Ke3 Ne6 52. Be4 Nxf4 53. Kxf4
Bd7 54. Ke3 f5 55. Bd3 Re6+ 56. Kd4 Rd6+ 57. Kc3 Rc6+ 58. Kd2 Rd6 59. Ke3 Re6+
60. Kf2 Re5 61. Rd4 Be8 62. Rd6 g5 63. f4 Rc5 64. Ke3 Rc1 65. Rb6 Rg1 66. Rb7+
Kf6 67. Rb6+ Kg7 68. Bxb5 Bxb5 69. Rxb5 Rxg2 70. a4 g4 71. hxg4 fxg4 72. f5 Rg1
73. Kf4 g3 74. Rb6 g2 75. Kf3 Ra1 76. Kxg2 Rxa4 77. Kg3 Rc4 78. b3 Rd4 79. Kf3
h5 80. Rg6+ Kf7 81. Rb6 h4 82. Ke3 Rg4 83. Kd3 Kg7 84. Rb7+ Kf6 85. Kc3 Rg7 86.
Rb8 Rh7 87. Rf8+ Ke5 88. f6 Ke6 89. b4 h3 90. Re8+ Kxf6 91. Re1 h2 92. Rh1 Rh4
93. Kd3 Kf5 94. Ke3 Kg4 95. Kf2 Kh3 96. Rb1 Rf4+ 97. Ke3 Rg4 98. Kf2 Rg2+ 99.
Kf3 0-1

[Event "Cam.España Por Equipos R.5 Div. Honor(Va"]
[Site "Ajedrez21.com"]
[Date "2004.11.22"]
[Round "5"]
[White "Baron, Jesus"]
[Black "Lacasa, Jose A"]
[Result "1/2-1/2"]
[WhiteElo "2432"]
[BlackElo "2431"]
[PlyCount "82"]
[EventDate "2004.??.??"]

1. e4 c5 2. Nf3 e6 3. d4 cxd4 4. Nxd4 Nc6 5. Nc3 d6 6. Be2 Nf6 7. O-O Be7 8.
Kh1 O-O 9. f4 a6 10. Be3 Bd7 11. Qe1 b5 12. a3 Qb8 13. Bd3 Nxd4 14. Bxd4 e5 15.
Nd5 Bd8 16. fxe5 dxe5 17. Bc5 Re8 18. c4 bxc4 19. Bxc4 Bb5 20. Bxb5 Qxb5 21. b4
a5 22. Nc3 Qc4 23. Rc1 Qb3 24. b5 Rc8 25. Ba7 Be7 26. Rf3 Bxa3 27. Rb1 Qc2 28.
b6 Bb4 29. b7 Rxc3 30. b8=Q Rxb8 31. Rxc3 Qxe4 32. Qxe4 Nxe4 33. Re3 Ra8 34.
Rxe4 Rxa7 35. Rxe5 g6 36. g3 Kg7 37. Kg2 h5 38. Rb5 Rd7 39. Rb2 Rc7 40. Kf3 Re7
41. Ra2 Kf6 1/2-1/2

[Event "Cam.España Por Equipos R.5 Div. Honor(Va"]
[Site "Ajedrez21.com"]
[Date "2004.11.22"]
[Round "5"]
[White "Chernin, Alexander"]
[Black "Nielsen, Peter"]
[Result "1/2-1/2"]
[WhiteElo "2584"]
[BlackElo "2663"]
[PlyCount "50"]
[EventDate "2004.??.??"]

1. d4 Nf6 2. c4 e6 3. Nf3 d5 4. g3 Be7 5. Bg2 O-O 6. O-O dxc4 7. Qc2 a6 8. Qxc4
b5 9. Qc2 Bb7 10. Bg5 Nbd7 11. Bxf6 Nxf6 12. Nbd2 Rc8 13. Nb3 c5 14. dxc5 Be4
15. Qc3 Bd5 16. Rac1 Bxb3 17. Qxb3 Bxc5 18. e3 Qb6 19. Ne5 Rc7 20. Rc3 Rfc8 21.
Rfc1 Nd7 22. Nxd7 Rxd7 23. Qc2 Rdc7 24. Qb3 Rd7 25. Qc2 Rdc7 1/2-1/2

[Event "Cam.España Por Equipos R.5 Div. Honor(Va"]
[Site "Ajedrez21.com"]
[Date "2004.11.22"]
[Round "5"]
[White "Moiseenko, Alexander"]
[Black "Corral, Juan A"]
[Result "1-0"]
[WhiteElo "2653"]
[BlackElo "2446"]
[PlyCount "61"]
[EventDate "2004.??.??"]

1. e4 e6 2. d4 d5 3. Nd2 Nf6 4. e5 Nfd7 5. Bd3 c5 6. c3 Nc6 7. Ne2 Qb6 8. Nf3
cxd4 9. cxd4 f6 10. exf6 Nxf6 11. O-O Bd6 12. Bf4 Bxf4 13. Nxf4 O-O 14. Re1 Ne4
15. g3 Qxb2 16. Bxe4 dxe4 17. Rxe4 Qb5 18. Ne5 Ne7 19. Rc1 Nd5 20. Rc5 Qa6 21.
Qb3 Nxf4 22. Rxf4 Rxf4 23. gxf4 Qd6 24. f5 Qe7 25. Qc4 Qe8 26. Rc7 b5 27. Qc6
Qxc6 28. Nxc6 exf5 29. Ne7+ Kf7 30. Nxc8+ Kf6 31. d5 1-0

[Event "Cam.España Por Equipos R.5 Div. Honor(Va"]
[Site "Ajedrez21.com"]
[Date "2004.11.22"]
[Round "5"]
[White "Padron, Jose Garcia"]
[Black "Arizmendi, Julen"]
[Result "1/2-1/2"]
[WhiteElo "2429"]
[BlackElo "2531"]
[PlyCount "30"]
[EventDate "2004.??.??"]

1. d4 e6 2. e4 d5 3. exd5 exd5 4. Nf3 c5 5. Bb5+ Nc6 6. O-O Nf6 7. Re1+ Be7 8.
Qe2 Be6 9. Ne5 Qc8 10. dxc5 Bxc5 11. Bg5 Ne4 12. Be3 Bd6 13. Bf4 Qc7 14. Nxc6
bxc6 15. Bxd6 Nxd6 1/2-1/2

[Event "Cam.España Por Equipos R.5 Div. Honor(Va"]
[Site "Ajedrez21.com"]
[Date "2004.11.22"]
[Round "5"]
[White "Jerez, Alfonso"]
[Black "Fressinet, Laurent"]
[Result "1/2-1/2"]
[WhiteElo "2434"]
[BlackElo "2640"]
[PlyCount "57"]
[EventDate "2004.??.??"]

1. e4 e5 2. Nf3 d6 3. d4 exd4 4. Nxd4 Nf6 5. Nc3 Be7 6. Be2 O-O 7. O-O Re8 8.
Re1 Bf8 9. Bf1 c6 10. Bg5 Nbd7 11. h3 a5 12. a4 h6 13. Bh4 g6 14. Nb3 Qb6 15.
Qf3 Nh5 16. Rad1 Ne5 17. Qe3 Qxe3 18. Rxe3 g5 19. Bg3 Nxg3 20. Rxg3 f5 21. f4
Ng6 22. Bc4+ Kg7 23. fxg5 Ne5 24. gxh6+ Kxh6 25. exf5 Bxf5 26. Bd3 Nxd3 27.
cxd3 Bg7 28. Rf1 Bg6 29. d4 1/2-1/2

[Event "Cam.España Por Equipos R.5 Div. Honor(Va"]
[Site "Ajedrez21.com"]
[Date "2004.11.22"]
[Round "5"]
[White "Tiviakov, Sergei"]
[Black "Granados, Manuel"]
[Result "1-0"]
[WhiteElo "2617"]
[BlackElo "2425"]
[PlyCount "93"]
[EventDate "2004.??.??"]

1. e4 e5 2. Nf3 Nc6 3. Bc4 Nf6 4. d3 Be7 5. O-O O-O 6. Bb3 d6 7. c3 Na5 8. Bc2
c5 9. Re1 Nc6 10. Nbd2 Re8 11. a3 Bf8 12. b4 a6 13. Nf1 h6 14. Ne3 d5 15. exd5
Nxd5 16. Nxd5 Qxd5 17. d4 cxd4 18. Nxd4 Nxd4 19. cxd4 e4 20. Bf4 Bf5 21. Ba4
Bd7 22. Bb3 Qf5 23. Be5 Qg6 24. Re3 Be6 25. d5 Bg4 26. Qd4 f6 27. Bc7 Kh8 28.
Rg3 Qh5 29. d6 Bd7 30. Qd5 Qxd5 31. Bxd5 Re5 32. Rd1 Rxd5 33. Rxd5 Kg8 34. h4
Kf7 35. h5 Ke6 36. Rd4 Bc6 37. Re3 Kd7 38. f3 Re8 39. fxe4 Re5 40. g4 Rg5 41.
Rg3 Re5 42. Kf2 Rxe4 43. Rxe4 Bxe4 44. Re3 Bd5 45. Rd3 Bxd6 46. Rxd5 Kxc7 47.
Kf3 1-0